000 00522nam a22002057a 4500
003 OSt
005 20150827144200.0
008 130323t xxu||||| |||| 00| 0 eng d
020 _a60345294777
050 _aHM 291
_b.B525 1964
082 _aTR 158
_bBe45 1964
100 _aBerne, Eric.
245 _aGames people play /
_cEric Berne.
260 _aNew York :
_bPenguin Books,
_c1964.
300 _a167 pages ;
_c18 cm.
520 _a1. Transactional analysis
562 _e1
942 _2lcc
_cBK
999 _c288540
_d288540